| 000 | 00844nam a22002177a 4500 | ||
|---|---|---|---|
| 999 |
_c19151 _d19151 |
||
| 003 | AR-CdUCM | ||
| 008 | 190516b ||||| |||| 00| 0 spa d | ||
| 040 |
_aMUNICIPALIDAD PROVINCIAL DEL CUSCO _cBIBLIOTECA MUNICIPAL DEL CUSCO |
||
| 082 |
_a300 / _bT31 |
||
| 110 |
_aProyecto de tecnologias campesinas del CEPIA _940328 |
||
| 245 | _aTecnologias campesinas de los andes / | ||
| 260 |
_aLima : _bHorizonte, _c1988. |
||
| 300 |
_a721 paginas ; _bIlustraciones, _c21 cm. |
||
| 440 |
_aProblemática campesina / 4 _940329 |
||
| 505 | _aContenido : De Urubamba a Cajamarca -- Tecnología andina y campesinado -- Participación campesina en el proceso de revaloracion -- | ||
| 650 |
_aCampesinado _94085 |
||
| 650 |
_aTecnología andina _910426 |
||
| 650 |
_aFormación de técnicos _940330 |
||
| 942 |
_2ddc _cLIBROS |
||
| 945 |
_awnts _d2019-05-16 |
||